00853nam a22002657a 4500003000500000005001700005008004100022010001000063011001000073020001800083035001100101040000900112082001500121100002700136245014100163260003500304300004400339650002600383650002500409650004000434650002200474650003600496700002700532700002800559CHAP20220329143306.0080225s2007 mx r 00010 spa d a94498 a95470 a9789588252445 a106096 cCHAP00a628.3aM311 aManga Certain, José.10aTratamiento de aguas residuales mediante sistemas de lagunajec/por José Manga Certain, Nelson Molirares Amaya y Jorge Arrieta Pearson aBarranquilla :bUninortec2007 axii, 240 p. :bilus., gráfs., cuadros14aAguaxAlmacenamiento.14aAguaxUtilización.14aAguas residuales para irrigación.14aAguas residuales.14aAguas residualesxPurificacion.1 aArrieta Pearson, Jorge1 aMolinares Amaya, Nelson